[Event "SweCh MElit"]
[Site "Umeå, Sweden"]
[Date "2003.06.29"]
[Round "1"]
[White "Larsson, Victor"]
[Black "Rygaard, Michael"]
[Result "1/2-1/2"]
[WhiteElo "2093"]
[BlackElo "2335"]
[PlyCount "199"]
[EventDate "2003.06.29"]
[SourceDate "2003.06.29"]

1. d4 d5 2. Nf3 Nf6 3. Bf4 c6 4. e3 Bg4 5. Nbd2 e6 6. c3 Be7 7. Qb3 Qb6 8. h3
Bh5 9. Bd3 O-O 10. O-O Bg6 11. Bxg6 hxg6 12. Rae1 Nbd7 13. e4 Rfc8 14. Bg5 Bf8
15. Re2 Qa6 16. Rfe1 b5 17. a3 Qa4 18. Qd1 Qxd1 19. Rxd1 Nb6 20. Ne5 Nc4 21.
exd5 cxd5 22. Nb3 Ne4 23. Bf4 g5 24. Bh2 Be7 25. f3 Nf6 26. Nd3 Nd7 27. Nb4 Kf8
28. Rde1 Ndb6 29. Na6 Rc6 30. Nc7 Rd8 31. Nxb5 Rd7 32. Nc5 Bxc5 33. dxc5 Rxc5
34. Nd4 Rc8 35. b3 Nd6 36. a4 a6 37. Re3 Ne8 38. a5 Na8 39. b4 Nac7 40. Nb3 Nb5
41. Nc5 Ra7 42. Rd3 Nf6 43. Kf1 Rc6 44. Bg1 Rac7 45. Be3 Nh7 46. Na4 Nf6 47.
Bb6 Rc8 48. Nc5 Nc7 49. g4 Na8 50. Nxa6 Nxb6 51. axb6 Rxb6 52. Nc5 Ra8 53. Re5
Rbb8 54. Rxg5 Ra2 55. Re5 Rba8 56. Re2 Ra1+ 57. Kg2 Rb1 58. h4 d4 59. Rxd4 Nd5
60. Nd7+ Kg8 61. Rc4 Ra3 62. Rc8+ Kh7 63. Nf8+ Kh6 64. Kh2 Rxc3 65. Re5 g6 66.
g5+ Kg7 67. Rxc3 Nxc3 68. Nd7 Rxb4 69. Rc5 Nd5 70. Kg3 Rb7 71. Ne5 Ne3 72. Ng4
Nd5 73. Nh6 f5 74. Rc8 Ne7 75. Re8 e5 76. h5 Rd7 77. hxg6 Kxg6 78. Kh4 Rd4+ 79.
Kg3 Rd7 80. Kh4 Rc7 81. Ra8 Rc4+ 82. Kg3 Kxg5 83. Nf7+ Kf6 84. Nd6 Rc6 85. Rf8+
Kg7 86. Rf7+ Kg6 87. Rxe7 Rxd6 88. Rxe5 Kg5 89. Ra5 Rg6 90. f4+ Kf6+ 91. Kf3
Rg8 92. Ra6+ Kf7 93. Ra5 Kg6 94. Ra6+ Kg7 95. Ra7+ Kh6 96. Rf7 Kg6 97. Ra7 Rb8
98. Ra6+ Kh5 99. Ra3 Rb6 100. Rc3 1/2-1/2

[Event "SweCh MElit"]
[Site "Umeå, Sweden"]
[Date "2003.06.29"]
[Round "1"]
[White "Malmstig, Erik"]
[Black "Nygren, Kim"]
[Result "1/2-1/2"]
[WhiteElo "2377"]
[BlackElo "2311"]
[PlyCount "135"]
[EventDate "2003.06.29"]
[SourceDate "2003.06.29"]

1. d4 Nf6 2. Nf3 g6 3. g3 Bg7 4. Bg2 O-O 5. O-O d6 6. Nc3 c6 7. e4 Bg4 8. h3
Bxf3 9. Qxf3 Nbd7 10. Rd1 Qc7 11. a4 e5 12. Be3 Rfe8 13. d5 cxd5 14. Nxd5 Nxd5
15. Rxd5 Nb6 16. Rb5 Nc4 17. Rd1 Nxe3 18. Qxe3 Qxc2 19. Rc1 Qxa4 20. Rxb7 Reb8
21. Rbc7 Qd4 22. Qf3 Rf8 23. b3 Rab8 24. Rd7 Rbd8 25. Re7 Rde8 26. Rd7 Rd8 27.
Rdc7 Bh6 28. R1c4 Qb6 29. Qd1 Rb8 30. b4 a5 31. bxa5 Qxa5 32. Bf1 Rb2 33. Rd7
Qb6 34. Rc2 Rxc2 35. Qxc2 Qd4 36. Bc4 Qd2 37. Qb1 Qc1+ 38. Qxc1 Bxc1 39. Rxd6
Bb2 40. Rd7 Kg7 41. Kg2 g5 42. Kf3 Bd4 43. Ke2 Kf6 44. f4 gxf4 45. gxf4 Kg6 46.
Kf3 h5 47. f5+ Kg5 48. Kg3 h4+ 49. Kf3 Rc8 50. Bd3 Rc3 51. Ke2 Kf4 52. Rxf7 Ra3
53. Rc7 Ra7 54. Rxa7 Bxa7 55. f6 Bc5 56. Bc2 Kg5 57. f7 Kf6 58. Bb3 Kg7 59. Kf3
Kf8 60. Bc4 Bb4 61. Ke2 Bc5 62. Kf3 Bb4 63. Kg4 Be1 64. Be6 Bg3 65. Bd5 Be1 66.
Kg5 Bg3 67. Kf6 Bf4 68. Be6 1/2-1/2

[Event "SweCh MElit"]
[Site "Umeå, Sweden"]
[Date "2003.06.29"]
[Round "1"]
[White "Lundin, Anders"]
[Black "Lindgren, Fredrik"]
[Result "0-1"]
[WhiteElo "2247"]
[BlackElo "2306"]
[PlyCount "83"]
[EventDate "2003.06.29"]
[SourceDate "2003.06.29"]

1. d4 Nf6 2. c4 e6 3. Nf3 d5 4. Nc3 c6 5. e3 Nbd7 6. Bd3 dxc4 7. Bxc4 b5 8. Bd3
a6 9. e4 c5 10. d5 Qc7 11. O-O Be7 12. dxe6 fxe6 13. Ng5 Ne5 14. Bc2 h6 15. Nh3
Bb7 16. f4 Nf7 17. e5 Qc6 18. Qe2 Nd5 19. Nxd5 exd5 20. e6 Nd6 21. Bg6+ Kd8 22.
Bd2 Nc4 23. Rfe1 Rf8 24. Nf2 Qc7 25. Nd3 Bf6 26. b4 Ke7 27. Nxc5 Bd4+ 28. Kh1
Bxa1 29. Rxa1 Nxd2 30. Qxd2 Rxf4 31. Nxb7 Rf6 32. Na5 Rxg6 33. Rc1 Qd6 34. Nc6+
Ke8 35. e7 Rc8 36. Nd4 Rxc1+ 37. Qxc1 Qxe7 38. Qc8+ Qd8 39. Qf5 Rf6 40. Qe5+
Qe7 41. Qb8+ Kf7 42. h3 0-1

[Event "SweCh MElit"]
[Site "Umeå, Sweden"]
[Date "2003.06.29"]
[Round "1"]
[White "Hamark, Jesper"]
[Black "Vernersson, Per"]
[Result "1/2-1/2"]
[WhiteElo "2350"]
[BlackElo "2438"]
[PlyCount "86"]
[EventDate "2003.06.29"]
[SourceDate "2003.06.29"]

1. e4 c5 2. Nc3 Nc6 3. f4 g6 4. Nf3 Bg7 5. Bb5 Nd4 6. O-O a6 7. Bd3 d6 8. Nxd4
Bxd4+ 9. Kh1 Bg7 10. Bc4 e6 11. a4 Ne7 12. d3 O-O 13. Qf3 Nc6 14. Qg3 Nd4 15.
f5 Be5 16. Bf4 Bxf4 17. Rxf4 exf5 18. Raf1 Kh8 19. Rh4 Be6 20. Qh3 h5 21. Qg3
Qf6 22. Nd5 Bxd5 23. Bxd5 Nxc2 24. exf5 Nd4 25. Qh3 Kg7 26. g4 g5 27. Rxh5 Rh8
28. Rxh8 Rxh8 29. Qg2 Re8 30. Bxb7 a5 31. Bd5 Re2 32. Rf2 Re1+ 33. Rf1 Rxf1+
34. Qxf1 Qe5 35. Be4 Kf6 36. Qh3 Qf4 37. Qg2 Nc2 38. Qg3 Qxg3 39. hxg3 Ke5 40.
Kg1 f6 41. Kf2 Kd4 42. Ke2 Nb4 43. Kd2 c4 1/2-1/2

[Event "SweCh MElit"]
[Site "Umeå, Sweden"]
[Date "2003.06.29"]
[Round "1"]
[White "Jonsson, Mikael"]
[Black "Engström, Kaj"]
[Result "1-0"]
[WhiteElo "2314"]
[BlackElo "2361"]
[PlyCount "75"]
[EventDate "2003.06.29"]
[SourceDate "2003.06.29"]

1. e4 c5 2. Nf3 e6 3. d4 cxd4 4. Nxd4 a6 5. Bd3 Bc5 6. Nb3 Ba7 7. Qe2 Nc6 8.
Be3 Nf6 9. Nc3 b5 10. Bxa7 Rxa7 11. e5 b4 12. Ne4 Nxe4 13. Qxe4 f5 14. Qe3 Qc7
15. f4 Ne7 16. O-O-O Nd5 17. Qd4 a5 18. Bc4 Nb6 19. Nd2 O-O 20. Kb1 Bb7 21.
Rhg1 Rc8 22. Bd3 Bd5 23. g4 a4 24. Qxb4 Rb8 25. gxf5 Nc8 26. Qa3 Rab7 27. f6 g6
28. Bxg6 Rxb2+ 29. Qxb2 Rxb2+ 30. Kxb2 hxg6 31. Rxg6+ Kf8 32. Rdg1 Qb6+ 33. Kc1
Ne7 34. fxe7+ Kxe7 35. Rg7+ Kd8 36. Rg8+ Kc7 37. a3 Qc5 38. R1g3 1-0

[Event "SweCh MElit"]
[Site "Umeå, Sweden"]
[Date "2003.06.29"]
[Round "1"]
[White "Sixtensson, Mikael"]
[Black "Winge, Stefan"]
[Result "0-1"]
[WhiteElo "2257"]
[BlackElo "2278"]
[PlyCount "70"]
[EventDate "2003.06.29"]
[SourceDate "2003.06.29"]

1. c4 e5 2. Nc3 Bb4 3. g3 Bxc3 4. dxc3 d6 5. Bg2 Ne7 6. e4 Be6 7. b3 Qd7 8. f4
exf4 9. gxf4 Bg4 10. Qd3 Nbc6 11. Ne2 f5 12. Ng3 O-O-O 13. Be3 fxe4 14. Bxe4 d5
15. cxd5 Nxd5 16. h3 Nxe3 17. Qxe3 Be6 18. f5 Bd5 19. O-O-O Qe7 20. Kb2 Rhe8
21. Rhe1 Bxe4 22. Rxd8+ Qxd8 23. Nxe4 Re5 24. Qf4 Qd5 25. Qg4 h5 26. Qxg7 Rxe4
27. Rxe4 Qxe4 28. f6 Nd8 29. Qe7 Qd5 30. a4 Qd2+ 31. Ka3 Qxc3 32. f7 Qa1+ 33.
Kb4 Nc6+ 34. Kc4 Qd4+ 35. Kb5 a6# 0-1

[Event "SweCh MElit"]
[Site "Umeå, Sweden"]
[Date "2003.06.29"]
[Round "1"]
[White "Couso, Luis"]
[Black "Eriksson, Anders"]
[Result "0-1"]
[WhiteElo "2394"]
[BlackElo "2334"]
[PlyCount "54"]
[EventDate "2003.06.29"]
[SourceDate "2003.06.29"]

1. e4 c6 2. d4 d5 3. e5 Bf5 4. Nc3 e6 5. g4 Bg6 6. Nge2 Be7 7. Nf4 c5 8. Be3
Nc6 9. h4 cxd4 10. Bxd4 Bxc2 11. Qxc2 Nxd4 12. Qa4+ Nc6 13. Bb5 Qd7 14. Nce2
Bb4+ 15. Kf1 Nge7 16. Nh5 d4 17. Rh3 O-O-O 18. Rc1 Kb8 19. Rb3 d3 20. Rxd3 Qc7
21. Nhf4 Qa5 22. Qxa5 Bxa5 23. Rxd8+ Rxd8 24. Nd3 a6 25. Bxc6 Nxc6 26. Nef4 Bd2
27. Rc5 Rd4 0-1

[Event "SweCh MElit"]
[Site "Umeå, Sweden"]
[Date "2003.06.30"]
[Round "2"]
[White "Engström, Kaj"]
[Black "Lundin, Anders"]
[Result "1/2-1/2"]
[WhiteElo "2361"]
[BlackElo "2247"]
[PlyCount "66"]
[EventDate "2003.06.29"]
[SourceDate "2003.06.29"]

1. e4 c5 2. Nf3 e6 3. d4 cxd4 4. Nxd4 Nc6 5. Nc3 d6 6. Bc4 Nf6 7. Bb3 Be7 8.
O-O O-O 9. Kh1 a6 10. f4 Nxd4 11. Qxd4 b5 12. Bd2 Bb7 13. f5 e5 14. Qd3 Rc8 15.
Rae1 b4 16. Nd5 Bxd5 17. exd5 a5 18. Qh3 Qd7 19. a4 bxa3 20. Bxa5 axb2 21. Bc3
b1=Q 22. Rxb1 Ne4 23. Be1 Qb5 24. c4 Rxc4 25. Ba2 Qa6 26. Bxc4 Qxc4 27. Bh4
Bxh4 28. Qxh4 Qxd5 29. Rfd1 Qc6 30. Rbc1 Qb7 31. Rb1 Qc6 32. Rbc1 Qb7 33. Rb1
Qc6 1/2-1/2

[Event "SweCh MElit"]
[Site "Umeå, Sweden"]
[Date "2003.06.30"]
[Round "2"]
[White "Sixtensson, Mikael"]
[Black "Larsson, Victor"]
[Result "0-1"]
[WhiteElo "2257"]
[BlackElo "2093"]
[PlyCount "104"]
[EventDate "2003.06.29"]
[SourceDate "2003.06.29"]

1. Nf3 d5 2. b3 Nf6 3. Bb2 Bf5 4. e3 h6 5. Be2 e6 6. Ne5 Nbd7 7. O-O Nxe5 8.
Bxe5 Nd7 9. Bg3 Be7 10. d4 O-O 11. c4 c6 12. Bd3 Bxd3 13. Qxd3 dxc4 14. bxc4
Qa5 15. Nd2 Rfd8 16. Nb3 Qa6 17. Rfc1 c5 18. Qc2 cxd4 19. exd4 Rac8 20. Rab1
Ba3 21. Rd1 Rxc4 22. Qd2 Nc5 23. Qe3 Na4 24. Rd3 Nb6 25. h3 Nd5 26. Qf3 Bf8 27.
Kh2 b6 28. h4 Ra4 29. Rd2 Bd6 30. Rc1 Bxg3+ 31. Qxg3 Qb7 32. Qf3 Qe7 33. g3 Qd6
34. Rdc2 Qd7 35. Nd2 Rxd4 36. Nc4 Nf6 37. Ne5 Qd5 38. Qxd5 R4xd5 39. Rc8 Rf8
40. f4 Nd7 41. Rxf8+ Kxf8 42. Rc8+ Ke7 43. Nc6+ Kf6 44. Nxa7 Rd2+ 45. Kh3 Rxa2
46. Rc7 Rd2 47. Rb7 h5 48. Nc6 Kf5 49. Ne5 Nxe5 50. fxe5 Kg6 51. Rxb6 Rd5 52.
Rb3 Rxe5 0-1

[Event "SweCh MElit"]
[Site "Umeå, Sweden"]
[Date "2003.06.30"]
[Round "2"]
[White "Lindgren, Fredrik"]
[Black "Hamark, Jesper"]
[Result "1-0"]
[WhiteElo "2306"]
[BlackElo "2350"]
[PlyCount "103"]
[EventDate "2003.06.29"]
[SourceDate "2003.06.29"]

1. e4 c5 2. Nf3 e6 3. d4 cxd4 4. Nxd4 Nc6 5. Nb5 d6 6. c4 Nf6 7. N1c3 a6 8. Na3
Be7 9. Be2 O-O 10. O-O b6 11. Be3 Ne5 12. Qb3 Ned7 13. Rfd1 Qc7 14. Rac1 Bb7
15. f3 Rac8 16. Nab1 Rfe8 17. Kh1 Bf8 18. Bf1 Qb8 19. a3 Nc5 20. Qa2 Ncd7 21.
b4 d5 22. Nd2 Bd6 23. Bg1 d4 24. Na4 e5 25. Nb3 Qa7 26. Qd2 a5 27. Nxb6 Nxb6
28. c5 axb4 29. axb4 Bc7 30. Ra1 Qb8 31. Na5 Ba8 32. cxb6 Bxb6 33. Nc4 Re6 34.
b5 Bb7 35. Nxb6 Rxb6 36. Qa2 Rc3 37. Bc4 Kh8 38. Rac1 Rxc1 39. Rxc1 h5 40. Bf2
Kh7 41. Bh4 Qa8 42. Qxa8 Bxa8 43. Kg1 Kg6 44. Ra1 Rb8 45. Ra7 Bb7 46. Kf1 Ne8
47. Be7 Bc8 48. Ke2 Be6 49. Bxe6 fxe6 50. Ra5 Kf7 51. Bc5 Rb7 52. b6 1-0

[Event "SweCh MElit"]
[Site "Umeå, Sweden"]
[Date "2003.06.30"]
[Round "2"]
[White "Nygren, Kim"]
[Black "Jonsson, Mikael"]
[Result "0-1"]
[WhiteElo "2311"]
[BlackElo "2314"]
[PlyCount "113"]
[EventDate "2003.06.29"]
[SourceDate "2003.06.29"]

1. e4 e5 2. Nf3 Nc6 3. Bb5 a6 4. Ba4 Nf6 5. O-O Be7 6. Bxc6 dxc6 7. Qe1 Nd7 8.
b3 O-O 9. Bb2 Bf6 10. Na3 Re8 11. Nc4 a5 12. Rd1 c5 13. c3 b6 14. d4 cxd4 15.
cxd4 exd4 16. Bxd4 Bxd4 17. Nxd4 Bb7 18. f3 Qg5 19. Qf2 Qg6 20. Nf5 Nc5 21. Qh4
f6 22. Rd2 Qf7 23. Rfd1 Bc8 24. Ncd6 cxd6 25. Nxd6 Qe7 26. Nxe8 Be6 27. Nd6 a4
28. b4 Nd7 29. Qf2 Rb8 30. f4 Kh8 31. Qd4 Nf8 32. h3 Bg8 33. Nf5 Qf7 34. Qd6
Re8 35. Re1 Ne6 36. Qxb6 Nxf4 37. Nd6 Qe6 38. Nxe8 Qxb6+ 39. Kh1 Qxb4 40. Red1
Qe7 41. Nd6 Nh5 42. Rd3 Qe5 43. R3d2 Ng3+ 44. Kg1 h5 45. Rc2 h4 46. Rc8 Kh7 47.
Re8 Qc5+ 48. Kh2 Bxa2 49. e5 fxe5 50. Nc8 Bf7 51. Red8 Qf2 52. Rf8 Ne2 53. Nd6
Qg3+ 54. Kh1 Bd5 55. Rh8+ Kxh8 56. Nf7+ Kh7 57. Ng5+ 0-1

[Event "SweCh MElit"]
[Site "Umeå, Sweden"]
[Date "2003.06.30"]
[Round "2"]
[White "Eriksson, Anders"]
[Black "Malmstig, Erik"]
[Result "1-0"]
[WhiteElo "2334"]
[BlackElo "2377"]
[PlyCount "123"]
[EventDate "2003.06.29"]
[SourceDate "2003.06.29"]

1. Nf3 d6 2. d4 Bg4 3. c4 Nd7 4. e4 e5 5. Be2 Ngf6 6. Nc3 Be7 7. O-O O-O 8. Be3
c6 9. Nd2 Bxe2 10. Qxe2 a6 11. d5 c5 12. a3 Ne8 13. Nf3 g6 14. b4 Qc7 15. bxc5
Nxc5 16. Rab1 Nf6 17. Bxc5 dxc5 18. Qb2 Rab8 19. Qb6 Bd6 20. Rfe1 Qd7 21. Re2
Nh5 22. Ne1 f5 23. Nd3 Qe7 24. Rbe1 f4 25. f3 Nf6 26. Rb1 Nd7 27. Qa5 Rfc8 28.
Reb2 b6 29. Qxa6 Ra8 30. Qb5 Rxa3 31. Rc2 g5 32. Qb2 Rca8 33. Rcc1 h5 34. Nf2
R3a6 35. Ra1 Ra5 36. Rxa5 bxa5 37. Ra1 Rb8 38. Nb5 Nb6 39. Qc3 a4 40. Nd3 Re8
41. Nb2 Ra8 42. Qc2 Kh8 43. Nxa4 g4 44. fxg4 hxg4 45. Ra3 Nxa4 46. Rxa4 Rg8 47.
Ra7 Qh4 48. g3 Qd8 49. Qb2 Bb8 50. Rf7 Rf8 51. Rxf4 Rxf4 52. gxf4 Qf6 53. Nc3
Bd6 54. Ne2 Kh7 55. Qc3 Kg7 56. f5 Qg5 57. Qc1 Qh4 58. Ng3 Kf7 59. Qd2 Qh3 60.
Qg5 Qh7 61. Qh5+ Qxh5 62. Nxh5 1-0

[Event "SweCh MElit"]
[Site "Umeå, Sweden"]
[Date "2003.07.01"]
[Round "3"]
[White "Couso, Luis"]
[Black "Sixtensson, Mikael"]
[Result "1-0"]
[WhiteElo "2332"]
[BlackElo "2208"]
[PlyCount "61"]
[EventDate "2003.06.29"]
[SourceDate "2003.06.29"]

1. e4 c5 2. Nf3 d6 3. d4 cxd4 4. Nxd4 Nf6 5. Nc3 g6 6. Be3 Bg7 7. f3 O-O 8. Qd2
Nc6 9. O-O-O Nxd4 10. Bxd4 Be6 11. Kb1 Re8 12. Bb5 Rf8 13. Be2 Re8 14. g4 Qa5
15. g5 Nd7 16. Bxg7 Kxg7 17. h4 Rec8 18. h5 Qc5 19. Rh4 b5 20. Rdh1 Nf8 21.
hxg6 fxg6 22. Bd3 a5 23. Qh2 Bg8 24. Nd5 Qd4 25. Rf4 Qe5 26. Qh6+ Kh8 27. Bxb5
a4 28. a3 Rab8 29. c4 e6 30. Rxf8 Rxf8 31. Ne7 1-0

[Event "SweCh MElit"]
[Site "Umeå, Sweden"]
[Date "2003.07.01"]
[Round "3"]
[White "Jonsson, Mikael"]
[Black "Eriksson, Anders"]
[Result "1/2-1/2"]
[WhiteElo "2314"]
[BlackElo "2334"]
[PlyCount "94"]
[EventDate "2003.06.29"]
[SourceDate "2003.06.29"]

1. e4 c5 2. Nf3 e6 3. d4 cxd4 4. Nxd4 Nc6 5. Nc3 a6 6. Be2 Nge7 7. O-O Nxd4 8.
Qxd4 Nc6 9. Qe3 Qc7 10. Kh1 Be7 11. f4 O-O 12. Rf3 f6 13. Rh3 d6 14. Qg3 g6 15.
f5 Ne5 16. fxg6 hxg6 17. Qh4 Kf7 18. Qh7+ Ke8 19. Bf4 Rf7 20. Qh8+ Rf8 21. Qh6
Nf7 22. Qxg6 e5 23. Bh6 Bxh3 24. Bxf8 Be6 25. Bg7 Qb6 26. Nd5 Qxb2 27. Re1 Qxc2
28. Nxf6+ Kd8 29. Bg4 Bxa2 30. Qh7 Kc7 31. Bh6 Rh8 32. Qf5 Nxh6 33. Qd7+ Kb8
34. Qxe7 Nf7 35. Nd5 Bxd5 36. exd5 Qc7 37. Qf6 Rh6 38. Qf2 Qe7 39. h3 Ng5 40.
Rc1 Rh8 41. Qb6 Ne4 42. Kg1 Nc5 43. Rxc5 dxc5 44. d6 Qf6 45. Qc7+ Ka7 46. Qxc5+
Ka8 47. Bc8 Rf8 1/2-1/2

[Event "SweCh MElit"]
[Site "Umeå, Sweden"]
[Date "2003.07.01"]
[Round "3"]
[White "Hamark, Jesper"]
[Black "Engström, Kaj"]
[Result "0-1"]
[WhiteElo "2350"]
[BlackElo "2361"]
[PlyCount "82"]
[EventDate "2003.06.29"]
[SourceDate "2003.06.29"]

1. e4 c5 2. Nf3 e6 3. d4 cxd4 4. Nxd4 Bc5 5. Nb3 Bb6 6. Nc3 Ne7 7. Bd3 Nbc6 8.
Qe2 O-O 9. Bd2 Ne5 10. f4 Nxd3+ 11. cxd3 d5 12. Na4 dxe4 13. dxe4 Bc7 14. O-O-O
Qe8 15. Nc3 Bd7 16. Kb1 b5 17. e5 b4 18. Ne4 Nd5 19. Be3 Bb5 20. Qf2 f5 21. Nd6
Bxd6 22. exd6 Ba4 23. d7 Bxd7 24. Bc5 Rf7 25. Nd4 Qb8 26. g3 Nf6 27. Qe1 a5 28.
Nxe6 Ne4 29. Ng5 Nxc5 30. Nxf7 Kxf7 31. Qe3 Qa7 32. Qd4 Bc6 33. Qc4+ Kf8 34.
Rhe1 Be4+ 35. Ka1 a4 36. Qxb4 Kg8 37. Qa3 h6 38. g4 Kh7 39. g5 Qb6 40. g6+ Kxg6
41. Re3 Kh7 0-1

[Event "SweCh MElit"]
[Site "Umeå, Sweden"]
[Date "2003.07.01"]
[Round "3"]
[White "Larsson, Victor"]
[Black "Winge, Stefan"]
[Result "1/2-1/2"]
[WhiteElo "2093"]
[BlackElo "2278"]
[PlyCount "85"]
[EventDate "2003.06.29"]
[SourceDate "2003.06.29"]

1. e4 c5 2. Nf3 Nc6 3. d4 cxd4 4. Nxd4 Nf6 5. Nc3 e5 6. Ndb5 d6 7. Nd5 Nxd5 8.
exd5 Nb8 9. c4 Nd7 10. Be2 Be7 11. O-O a6 12. Nc3 O-O 13. f4 f5 14. Kh1 Bf6 15.
Bf3 exf4 16. Bxf4 Be5 17. Bxe5 Nxe5 18. Qd4 Bd7 19. b4 Qe7 20. Rae1 Rae8 21.
Bh5 g6 22. Bd1 Qg7 23. c5 Nf7 24. Qxg7+ Kxg7 25. Ba4 Bxa4 26. Nxa4 Re5 27. Nb6
Rfe8 28. Rd1 R8e7 29. Rc1 Rc7 30. Rfd1 Re4 31. a3 Kf6 32. c6 Nd8 33. Na8 Rc8
34. c7 Rxa8 35. c8=Q Rxc8 36. Rxc8 Nf7 37. Rc7 b5 38. Ra7 Ne5 39. Rxa6 Nc4 40.
Kg1 Re2 41. a4 bxa4 42. Rc1 Ne3 43. g3 1/2-1/2

[Event "SweCh MElit"]
[Site "Umeå, Sweden"]
[Date "2003.07.01"]
[Round "3"]
[White "Lundin, Anders"]
[Black "Nygren, Kim"]
[Result "0-1"]
[WhiteElo "2247"]
[BlackElo "2311"]
[PlyCount "94"]
[EventDate "2003.06.29"]
[SourceDate "2003.06.29"]

1. d4 Nf6 2. c4 g6 3. Nc3 Bg7 4. e4 d6 5. Be2 O-O 6. Bg5 c5 7. d5 b5 8. cxb5
Qa5 9. Bd2 a6 10. a4 Qb4 11. Qc2 axb5 12. f3 Qa5 13. Bxb5 Na6 14. Nge2 Nb4 15.
Qb1 e6 16. dxe6 Bxe6 17. Ra3 d5 18. exd5 Bf5 19. Ne4 Nfxd5 20. O-O Qb6 21. Kh1
Rac8 22. Bc4 Rfd8 23. Bg5 Re8 24. N2g3 Bd4 25. Nxf5 gxf5 26. Ng3 f4 27. Ne2 Re5
28. Bxf4 Rxe2 29. Bxe2 Nxf4 30. Qf5 Qc7 31. Bc4 Re8 32. a5 Ng6 33. f4 Kg7 34.
Rh3 Rh8 35. Qh5 Kf8 36. a6 Nc6 37. f5 Nge5 38. Qh6+ Ke7 39. Qg5+ Kd7 40. Be6+
Kd6 41. Rh6 fxe6 42. Rxe6+ Kd5 43. b3 Ra8 44. Qh5 Rxa6 45. Qe2 Ra3 46. Rb1 Qa5
47. g4 Ra2 0-1

[Event "SweCh MElit"]
[Site "Umeå, Sweden"]
[Date "2003.07.01"]
[Round "3"]
[White "Malmstig, Erik"]
[Black "Rygaard, Michael"]
[Result "1/2-1/2"]
[WhiteElo "2377"]
[BlackElo "2335"]
[PlyCount "127"]
[EventDate "2003.06.29"]
[SourceDate "2003.06.29"]

1. d4 d5 2. Nf3 Nf6 3. g3 c6 4. Bg2 Bf5 5. O-O e6 6. Nbd2 Nbd7 7. b3 Ne4 8. Bb2
Be7 9. Ne5 Nxe5 10. dxe5 Bc5 11. e3 Nxd2 12. Qxd2 Qe7 13. Qe2 Ba3 14. Bxa3 Qxa3
15. e4 Bxe4 16. Bxe4 dxe4 17. Rad1 Qxa2 18. Rd4 Qa5 19. Qxe4 Rd8 20. Rfd1 Rd5
21. c4 Rxd4 22. Rxd4 O-O 23. Rd7 Qb4 24. Qe3 a5 25. c5 h6 26. Kg2 Qb5 27. h4
Qb4 28. h5 Qb5 29. g4 a4 30. bxa4 Qxa4 31. Rd4 Qc2 32. Rd7 Qc4 33. Kg3 Qb4 34.
Rc7 Ra8 35. Rd7 Ra3 36. Rd8+ Kh7 37. Rd3 Ra1 38. Qf4 Qxf4+ 39. Kxf4 g5+ 40. Ke4
Ra4+ 41. Rd4 Ra1 42. Rb4 Ra7 43. f3 Kg7 44. Kd4 Kf8 45. Ke4 Ke7 46. f4 gxf4 47.
Kxf4 Kf8 48. g5 Kg7 49. Kg4 Ra5 50. gxh6+ Kxh6 51. Rxb7 Rxc5 52. Rxf7 Rxe5 53.
Kf4 Re1 54. Rc7 Kxh5 55. Rxc6 Kg6 56. Kg4 Kf6 57. Kf4 Rh1 58. Ke4 Rh4+ 59. Ke3
Ra4 60. Rc5 Ke7 61. Rh5 Kd6 62. Rg5 e5 63. Rg8 Ke7 64. Rg6 1/2-1/2

[Event "SweCh MElit"]
[Site "Umeå, Sweden"]
[Date "2003.07.01"]
[Round "3"]
[White "Vernersson, Per"]
[Black "Lindgren, Fredrik"]
[Result "1/2-1/2"]
[WhiteElo "2438"]
[BlackElo "2306"]
[PlyCount "125"]
[EventDate "2003.06.29"]
[SourceDate "2003.06.29"]

1. c4 e6 2. d4 Nf6 3. Nc3 d5 4. cxd5 exd5 5. Bg5 Nbd7 6. e3 Be7 7. Bd3 O-O 8.
Qc2 Re8 9. Nf3 Nf8 10. O-O c6 11. h3 Be6 12. Rfc1 Ng6 13. Rab1 Bd6 14. Na4 h6
15. Bxf6 Qxf6 16. Qd1 Nh4 17. Nxh4 Qxh4 18. Qf3 Rad8 19. b4 a6 20. Nc5 Bc8 21.
a4 h5 22. Bf5 Bxf5 23. Qxf5 g6 24. Qd3 Bxc5 25. Rxc5 Rd6 26. b5 axb5 27. axb5
Rf6 28. Qc2 Qe4 29. Ra1 Qxc2 30. Rxc2 Kf8 31. g3 Re7 32. Ra8+ Re8 33. Ra7 Rb8
34. Rb2 b6 35. Rd7 c5 36. Rxd5 cxd4 37. Rxd4 Rc8 38. Rd5 Ke7 39. Ra2 Rc7 40.
Kg2 Rd6 41. Re5+ Re6 42. Rxe6+ Kxe6 43. Ra6 Rb7 44. Ra8 Kd6 45. Rc8 Rc7 46. Rb8
Kc5 47. Kf3 Kxb5 48. Kf4 Rc6 49. e4 Kc4 50. Rb7 f6 51. g4 hxg4 52. hxg4 b5 53.
g5 b4 54. gxf6 Rxf6+ 55. Kg5 Re6 56. e5 Rxe5+ 57. Kxg6 Rb5 58. Rc7+ Kd4 59. f4
Rb6+ 60. Kg5 b3 61. Rc1 b2 62. Rb1 Kd5 63. f5 1/2-1/2

[Event "SweCh MElit"]
[Site "Umeå, Sweden"]
[Date "2003.07.02"]
[Round "4"]
[White "Larsson, Victor"]
[Black "Couso, Luis"]
[Result "1/2-1/2"]
[WhiteElo "2093"]
[BlackElo "2394"]
[PlyCount "37"]
[EventDate "2003.06.29"]
[SourceDate "2003.06.29"]

1. d4 d5 2. Nf3 Nf6 3. Bf4 c6 4. e3 Bg4 5. c4 Nbd7 6. Nc3 e6 7. Qb3 Bxf3 8.
gxf3 Nh5 9. Bg3 Qb6 10. f4 Qxb3 11. axb3 Bb4 12. Kd1 O-O 13. Bg2 Nxg3 14. hxg3
a6 15. Ne2 Be7 16. Nc1 b6 17. Nd3 Ra7 18. Ke2 Rc8 19. g4 1/2-1/2

[Event "SweCh MElit"]
[Site "Umeå, Sweden"]
[Date "2003.07.02"]
[Round "4"]
[White "Nygren, Kim"]
[Black "Hamark, Jesper"]
[Result "1-0"]
[WhiteElo "2311"]
[BlackElo "2350"]
[PlyCount "63"]
[EventDate "2003.06.29"]
[SourceDate "2003.06.29"]

1. e4 c5 2. Nf3 e6 3. d4 cxd4 4. Nxd4 Nc6 5. Nc3 Qc7 6. Be2 a6 7. O-O Nf6 8.
Be3 Bb4 9. Na4 O-O 10. c4 Be7 11. Rc1 Nxe4 12. Bd3 f5 13. Bxe4 fxe4 14. Nxc6
dxc6 15. Nb6 Rb8 16. Nxc8 Rbxc8 17. Qd4 Bf6 18. Qxe4 Bxb2 19. Qxe6+ Kh8 20. Rb1
Be5 21. g3 Rfe8 22. Qg4 b5 23. Rfc1 Qa5 24. cxb5 axb5 25. Rc2 Qa6 26. Rd1 Qb7
27. Rc5 Bf6 28. Rh5 g6 29. Qxg6 Qg7 30. Qf5 Rc7 31. Rd6 Rf8 32. Bh6 1-0

[Event "SweCh MElit"]
[Site "Umeå, Sweden"]
[Date "2003.07.02"]
[Round "4"]
[White "Engström, Kaj"]
[Black "Vernersson, Per"]
[Result "1/2-1/2"]
[WhiteElo "2361"]
[BlackElo "2438"]
[PlyCount "73"]
[EventDate "2003.06.29"]
[SourceDate "2003.06.29"]

1. e4 c6 2. d4 d5 3. Nd2 dxe4 4. Nxe4 Bf5 5. Ng3 Bg6 6. h4 h6 7. Nf3 Nd7 8. Bd3
Bxd3 9. Qxd3 e6 10. Bd2 Ngf6 11. O-O-O Qc7 12. Rhe1 O-O-O 13. Kb1 c5 14. Qb5 a6
15. Qe2 Bd6 16. Ne5 Nb8 17. Nc4 Nc6 18. Nxd6+ Qxd6 19. dxc5 Qxc5 20. Bc3 Rxd1+
21. Rxd1 Rd8 22. Rxd8+ Kxd8 23. Qf3 Qe7 24. a3 Ne8 25. h5 f5 26. Ne2 Nf6 27.
Nd4 Nxd4 28. Bxd4 Ne4 29. Qf4 Kc8 30. g4 Qd7 31. c3 Qb5 32. gxf5 Qd3+ 33. Kc1
Qf1+ 34. Kc2 Qe2+ 35. Kc1 Qe1+ 36. Kc2 Qe2+ 37. Kc1 1/2-1/2

[Event "SweCh MElit"]
[Site "Umeå, Sweden"]
[Date "2003.07.02"]
[Round "4"]
[White "Rygaard, Michael"]
[Black "Jonsson, Mikael"]
[Result "1/2-1/2"]
[WhiteElo "2335"]
[BlackElo "2314"]
[PlyCount "98"]
[EventDate "2003.06.29"]
[SourceDate "2003.06.29"]

1. Nf3 g6 2. d4 Nf6 3. Bg5 Bg7 4. Nbd2 d5 5. e3 Bf5 6. Be2 Nbd7 7. O-O O-O 8.
Nh4 Be6 9. f4 h6 10. Bxf6 Bxf6 11. Qe1 Bf5 12. Nxf5 gxf5 13. Kh1 Kh8 14. g4
fxg4 15. Bxg4 Rg8 16. Bh5 Qf8 17. Qe2 c6 18. Rg1 e6 19. Nf3 Qe7 20. c3 Rxg1+
21. Rxg1 Rg8 22. Rxg8+ Kxg8 23. Qg2+ Kf8 24. Qc2 Bg7 25. Ne5 Bxe5 26. fxe5 Qg5
27. Qe2 Ke7 28. Bf3 f6 29. exf6+ Nxf6 30. Qg2 Kd6 31. Qxg5 hxg5 32. Kg2 e5 33.
Kg3 c5 34. h4 gxh4+ 35. Kxh4 exd4 36. exd4 cxd4 37. cxd4 Ne4 38. Be2 Nd2 39.
Kg3 Nc4 40. b3 Na5 41. Kf3 Nc6 42. Ke3 Nb4 43. a4 a5 44. Bg4 Ke7 45. Bc8 b6 46.
Kf4 Kf6 47. Bb7 Ke6 48. Bc8+ Kd6 49. Bf5 Nc6 1/2-1/2